Biggest US Cities that start with 2 consonants - Statistics

General Stats
  • This quiz has been taken 51 times
  • The average score is 5 of 9
Answer Stats
Pop. Answer % Correct
2.7m Chicago
93%
1.5m Philadelphia
84%
1.6m Phoenix
84%
859k Charlotte
64%
386k Cleveland
58%
527k Fresno
40%
290k Greensboro
20%
310k Stockton
16%
286k Plano
13%
No matching quizzes found
Score Distribution
Percent of People with Each Score
Percentile by Number Answered
Your Score History
You have not taken this quiz